My life as a mixed-up millennium bug / (Record no. 3899)
[ view plain ]
| 000 -LEADER | |
|---|---|
| fixed length control field | 01377cam a2200337 a 4500 |
| 001 - CONTROL NUMBER | |
| control field | 1686580 |
| 003 - CONTROL NUMBER IDENTIFIER | |
| control field | GBCCL |
| 005 - DATE AND TIME OF LATEST TRANSACTION | |
| control field | 20241126110506.0 |
| 008 - FIXED-LENGTH DATA ELEMENTS--GENERAL INFORMATION | |
| fixed length control field | 990602s1999 tnu c 000 1 eng |
| 010 ## - | |
| -- | 99035244 |
| 020 ## - INTERNATIONAL STANDARD BOOK NUMBER | |
| International Standard Book Number | 0849940265 |
| 040 ## - CATALOGING SOURCE | |
| Original cataloging agency | DLC |
| Transcribing agency | DLC |
| Modifying agency | DLC |
| 042 ## - | |
| -- | lcac |
| 050 00 - | |
| -- | PZ7.M98234 |
| -- | Myhk 1999 |
| 082 00 - DEWEY DECIMAL CLASSIFICATION NUMBER | |
| Classification number | 813.54 |
| Edition information | 21 |
| Item number | MYE |
| 100 1# - MAIN ENTRY--PERSONAL NAME | |
| Personal name | Myers, Bill, |
| Dates associated with a name | 1953- |
| 9 (RLIN) | 2798 |
| 245 10 - TITLE STATEMENT | |
| Title | My life as a mixed-up millennium bug / |
| Statement of responsibility, etc. | Bill Myers. |
| 260 ## - PUBLICATION, DISTRIBUTION, ETC. | |
| Place of publication, distribution, etc. | Nashville, Tenn. : |
| Name of publisher, distributor, etc. | Tommy Nelson, |
| Date of publication, distribution, etc. | 1999. |
| 300 ## - PHYSICAL DESCRIPTION | |
| Extent | 115 p. ; |
| Dimensions | 19 cm. |
| 490 1# - SERIES STATEMENT | |
| Series statement | The incredible worlds of Wally McDoogle ; |
| Volume/sequential designation | #17 |
| 520 ## - SUMMARY, ETC. | |
| Summary, etc. | When inept Wally McDoogle discovers that whatever he types on his computer turns into reality, what starts as just a little cheating soon escalates into a war. |
| 650 #1 - SUBJECT ADDED ENTRY--TOPICAL TERM | |
| Topical term or geographic name entry element | Computers |
| Form subdivision | Fiction. |
| 9 (RLIN) | 7665 |
| 650 #1 - SUBJECT ADDED ENTRY--TOPICAL TERM | |
| Topical term or geographic name entry element | Cheating |
| Form subdivision | Fiction. |
| 9 (RLIN) | 7666 |
| 650 #1 - SUBJECT ADDED ENTRY--TOPICAL TERM | |
| Topical term or geographic name entry element | Humorous stories. |
| 9 (RLIN) | 5726 |
| 800 1# - | |
| -- | Myers, Bill, |
| -- | 1953- |
| -- | Incredible worlds of Wally McDoogle ; |
| -- | #17. |
| -- | 7667 |
| 856 42 - ELECTRONIC LOCATION AND ACCESS | |
| Materials specified | Publisher description |
| Uniform Resource Identifier | <a href="http://www.loc.gov/catdir/enhancements/fy0609/99035244-d.html">http://www.loc.gov/catdir/enhancements/fy0609/99035244-d.html</a> |
| 906 ## - LOCAL DATA ELEMENT F, LDF (RLIN) | |
| a | 7 |
| b | cbc |
| c | orignew |
| d | 1 |
| e | ocip |
| f | 19 |
| g | y-gencatlg |
| 942 ## - ADDED ENTRY ELEMENTS (KOHA) | |
| Source of classification or shelving scheme | Dewey Decimal Classification |
| Koha item type | Books |
| Withdrawn status | Lost status | Source of classification or shelving scheme | Damaged status | Not for loan | Home library | Current Library | Shelving location | Date acquired | Total checkouts | Full call number | Barcode | Date last seen | Copy number | Price effective from | Koha item type |
|---|---|---|---|---|---|---|---|---|---|---|---|---|---|---|---|
| Dewey Decimal Classification | GRACE BIBLE COLLEGE | GRACE BIBLE COLLEGE | General Studies | 2017-12-15 | 813.54 MYE | 009679 | 2025-05-01 | c.1 | 2017-12-15 | Books |